Membres de l'OTAN - Statistiques

Statistiques générales
  • Ce quiz a été pris 27 fois
  • Le résultat moyen est 26 sur 32
Statistiques - réponses
Année Réponse % Correct
1949 France
100%
1955 Allemagne
95%
1949 Etats Unis
95%
1949 Canada
86%
1982 Espagne
86%
1949 Royaume Uni
86%
1952 Grèce
86%
1949 Italie
86%
1949 Luxembourg
86%
1949 Norvège
86%
2024 Suède
86%
2009 Croatie
82%
1949 Danemark
82%
2004 Estonie
82%
1949 Portugal
82%
1999 Hongrie
82%
1949 Islande
82%
2004 Lettonie
82%
2004 Lituanie
82%
2004 Roumanie
82%
2004 Slovaquie
82%
1949 Belgique
77%
2004 Slovénie
77%
1999 Tchéquie
77%
1952 Turquie
77%
2009 Albanie
73%
2004 Bulgarie
73%
2023 Finlande
73%
2020 Macédoine du Nord
73%
1949 Pays Bas
73%
1999 Pologne
73%
2017 Montenégro
50%
Aucun quiz correspondant
Distribution des résultats
% des personnes avec chaque résultat
Percentile par nombre de réponses
Votre historique - résultats
Vous n’avez pas pris ce quiz